000 00680nam a2200253Ia 4500
003 OSt
005 20221006143726.0
006 a|||||r|||| 00| 0
007 ta
008 221006b |||||||| |||| 00| 0 eng d
020 _c55.00
024 _a9,784
037 _cTextual
040 _aEASL
_cEASL
_beng
041 _2eng
_aeng
082 _aX.2.N8, M1
100 _aBOSE S K Ed.
_9514318
245 0 _aEssays in honour of Dr. Gyanchand
_b He that blazed the trail
260 _aNew Delhi
_bPeople's Publishing House
_c1981
300 _a268p.
_ccm.
490 _v Oth
942 _hX.2.N8, M1
_cTEXL
_2CC
999 _c1077870
_d1077870